| 000 | 00673nam a22002057a 4500 | ||
|---|---|---|---|
| 005 | 20251108164238.0 | ||
| 008 | 250721s1993 xx 000 0 ara d | ||
| 082 | 1 | 4 | _a791.455/لوي |
| 100 | 1 | _aلويس، كارولين ديانا | |
| 245 | 1 | 0 | _aالتغطية الإخبارية للتلفزيون / |
| 264 | 1 |
_aالقاهره : _bالمكتبه الأكاديميه، _c1993. |
|
| 300 | _a215ص | ||
| 650 | 1 | 7 | _aالتلفزيون |
| 650 | 1 | 7 | _aالأخبار |
| 650 | 1 | 7 | _aالبرامج التلفزيونية |
| 650 | 1 | 7 | _aالإنتاج التلفزيوني |
| 700 | 1 |
_aالعدوي، محمود شكري _eترجمة |
|
| 942 |
_2ddc _cBK |
||
| 999 |
_c7349 _d7349 |
||